00321nam a22000977a 4500008004100000082002100041245010800062260003600170300000900206440000800215230703b xxu||||| |||| 00| 0 eng d a342.16bIPU 1992 a Constitutional and Parliamentary Information ASGP bAssociation of Secretaries General of Parliaments  bInter-Parliamentary Unionc1992 a153p n164